Normal view
MARC view
- Redes sociales en línea
Entry Materia
001 - NÚMERO DE CONTROL DEL REGISTRO
- campo de control: 45823
003 - IDENTIFICADOR DE NUMERO DE CONTROL
- campo de control: MX-MxUPN
005 - FECHA Y HORA DE LA ÚLTIMA TRANSACCIÓN
- campo de control: 20250224143030.0
008 - DATOS DE LONGITUD FIJA
- campo de control de longitud fija: 220816|| acn||babn | a|a d
040 ## - FUENTE DE LA CATALOGACIÓN
- Centro catalogador de origen: MX-MxUPN
- Lengua de catalogación: spa
- Agencia de transcripción: MX-MxUPN
150 ## - ENCABEZAMIENTO - TEMÁTICO
- Término de materia o nombre geográfico como elemento inicial: Redes sociales en línea
670 ## - FUENTE EN LA QUE SE LOCALIZARON DATOS
- Cita de la fuente: DGB UNAM, 16 agosto 2022:
- Información localizada: encabezamiento (Redes sociales en línea)
902 ## - CATALOGADOR
- Catalogador: VRC/160822
